Recueil de Publications sur L'agrculture et la societe rural cambodgiennes.(Periode 1980-1996) (Record no. 21327)
[ view plain ]
| 000 -LEADER | |
|---|---|
| fixed length control field | 00309nam a22001097a 4500 |
| 040 ## - CATALOGING SOURCE | |
| Transcribing agency | RUA |
| 082 ## - DEWEY DECIMAL CLASSIFICATION NUMBER | |
| Classification number | FRA MAR 1983 C227 Or. |
| 100 ## - MAIN ENTRY--AUTHOR NAME | |
| Personal name | Mars-Avril. |
| 245 ## - TITLE STATEMENT | |
| Title | Recueil de Publications sur L'agrculture et la societe rural cambodgiennes.(Periode 1980-1996) |
| 260 ## - PUBLICATION, DISTRIBUTION, ETC. (IMPRINT) | |
| Place of publication | phnom penh |
| Name of publisher | rua |
| Year of publication | 1983 |
| 942 ## - ADDED ENTRY ELEMENTS (KOHA) | |
| Koha item type | សៀវភៅភាសាអង់គ្លេស |
| 952 ## - LOCATION AND ITEM INFORMATION (KOHA) | |
| Withdrawn status [LOCAL, KOHA] | 0 |
| 952 ## - LOCATION AND ITEM INFORMATION (KOHA) | |
| Withdrawn status [LOCAL, KOHA] | 0 |
| Permanent Location | Date acquired | Koha item type | Lost status | Shelving location | Barcode | Current Location | Full call number |
|---|---|---|---|---|---|---|---|
| Library Block C | 2023-05-16 | សៀវភៅភាសាអង់គ្លេស | C227 | A11923 | Library Block C | FRA MAR 1983 C227 Or. | |
| Library Block C | 2023-05-16 | សៀវភៅភាសាអង់គ្លេស | C227 | A12820 | Library Block C | FRA MAR 1983 C227 Or. |